Obálka Náhled e-knihy:
PDF Epub
Pro půjčování e-knih musíte být přihlášeni.
Jak si půjčit online?

Svatební košile /

Čtvrtý z řady krimithrillerů české autorky, nesoucích názvy Erbenových balad. Tentokrát Svatební košile a záhadné zmizení nevěsty...

Uloženo v:
Série:Tomáš Vyskočil a Honza Richter, část 4
Hlavní autor: Bartošová, Tereza, 1985- (Autor)
Médium: E-kniha
Jazyk:Czech
Vydáno: V Praze : Motto, 2025
Vydání:1. vydání
Témata:
Příbuzné jednotky:Z cyklu:: Tomáš Vyskočil a Honza Richter
Tagy:
Žádné tagy
LEADER 02241nam a2200409 i 4500
001 312695
003 CZ PrSKC
005 20260601215727.0
007 ta
008 250417s2025 xr g 000 f cze
015 |a cnb003682211 
020 |a 9788026728245  |q (vázáno) :  |c Kč 429,00 
035 |a (OCoLC)1522999990 
040 |a ABG001  |b cze  |e rda 
072 7 |a 821.162.3-3  |x Česká próza  |2 Konspekt 
080 |a 821.162.3-31  |2 MRF 
080 |a (0:82-312.4)  |2 MRF 
100 1 |a Bartošová, Tereza,  |d 1985-  |7 xx0282310  |4 aut 
245 1 0 |a Svatební košile /  |c Tereza Bartošová 
250 |a 1. vydání 
264 1 |a V Praze :  |b Motto,  |c 2025 
300 |a 314 stran ;  |c 21 cm 
336 |a text  |b txt  |2 rdacontent 
337 |a bez média  |b n  |2 rdamedia 
338 |a svazek  |b nc  |2 rdacarrier 
520 2 |a Čtvrtý z řady krimithrillerů české autorky, nesoucích názvy Erbenových balad. Tentokrát Svatební košile a záhadné zmizení nevěsty...  |b Na svatbě ve středočeských Smolotelích teče víno proudem, nebe rozsvěcuje ohňostroj, svatebčané se veselí. Dokud nezmizí nevěsta. Možná bude něco pravdy na tom, že svatba v máji prý nosí smůlu. Poručík Tomáš Vyskočil a jeho kolega Honza Richter dostávají na starost vyšetřování, které se od začátku jeví docela jednoduše. Jenže v tomhle případu lžou všichni, i ti, co nemusí. A ani na slovo policajta není spoleh. Nakladatelská anotace. 
655 7 |a české romány  |7 fd133974  |2 czenas 
655 7 |a detektivní romány  |7 fd132010  |2 czenas 
655 9 |a Czech fiction  |2 eczenas 
655 9 |a detective novels  |2 eczenas 
787 0 8 |i Z cyklu:  |t Tomáš Vyskočil a Honza Richter  |g 4 
900 |a ABA001  |b 21 
928 9 |a Albatros Media - Motto 
044 |a xr 
910 |a RBIT002 
998 |d 419870  |a https://core.palmknihy.cz/api/books/419870/cover?sulrm7  |b https://core.palmknihy.cz/api/books/419870/cover/400?sulrm7  |c https://core.palmknihy.cz/api/books/419870/cover/50?sulrm7  |e 2035-12-31  |g 320  |i 9788026728245  |j https://core.palmknihy.cz/api/books/419870/preview.epub  |k https://core.palmknihy.cz/api/books/419870/preview.pdf  |l   |q 49  |r 1  |s https://www.palmknihy.cz/kniha/419870  |t ebook  |y 2025  |z 0  |v Kriminálka z Příbrami  |w 4 
999 |d 312693